000 00231nam a22000857a 4500
008 160718b xxu||||| |||| 00| 0 eng d
100 _93025
_a Berling, E.M
245 _aArt in Confectionery and Pastry
260 _aNew York
_bBerling
_c1930
999 _c2588
_d2588